• 首页
  • 本馆介绍
  • 公告通知
  • 最新文献
  • 馆藏检索
  • 电子资源
  • 读者导购
  • 参考咨询
  • 我的图书馆
  • 登录
  • 详细信息显示
  • 放入我的书架
  • 预约/预借图书
  • 作者相关作品
  • 分类相关作品
  • 丛书相关作品
  • 出版社相关作品

书目信息

  • 表格格式
  • 工作单格式
  • 卡片格式
题名:
电磁流体动力学方程与奇异摄动理论
    
 
作者: 王术 , 冯跃红 著
分册:  
出版信息: 北京   科学出版社  2015.8
页数: 314页
开本: 24cm
丛书名: 现代数学基础丛书
单 册:
中图分类: O361.1
科图分类:
主题词: 电磁流体力学--方程--奇摄动--研究
电子资源:
ISBN: 978-7-03-045253-5
000 00948nam 2200265 450
001 0400004908
005 20171025135109.0
010    @a978-7-03-045253-5@dCNY128.00
100    @a20151126d2015 em y0chiy50 ea
101 0  @achi
102    @aCN@b110000
105    @ay z 001yy
106    @ar
200 1  @a电磁流体动力学方程与奇异摄动理论@9dian ci liu ti dong li xue fang cheng yu qi yi she dong li lun@f王术, 冯跃红著
210    @a北京@c科学出版社@d2015.8
215    @a314页@d24cm
225 2  @a现代数学基础丛书@v158
330    @a本书主要介绍奇异摄动理论和电磁流体动力学方程组的适定性与渐近机理,严格地建立了不同流体动力学模型之间的本质联系和电磁流体动力学模型的多尺度结构稳定性理论。
461  0 @12001 @a现代数学基础丛书
606 0  @a电磁流体力学@x方程@x奇摄动@x研究
690    @aO361.1@v5
701  0 @a王术@9wang shu@4著
701  0 @a冯跃红@9feng yue hong@4著
801  0 @aCN@b91MARC@c20171025
905    @b1039857-60@dO361.1@f4@e16
    
    电磁流体动力学方程与奇异摄动理论/王术, 冯跃红著.-北京:科学出版社,2015.8
    314页;24cm.-(现代数学基础丛书;158)
    
    
    ISBN 978-7-03-045253-5:CNY128.00
    本书主要介绍奇异摄动理论和电磁流体动力学方程组的适定性与渐近机理,严格地建立了不同流体动力学模型之间的本质联系和电磁流体动力学模型的多尺度结构稳定性理论。
●
相关链接 在E读中查询图书 在五车中查询图书 在当当中查询图书 在豆瓣中查询图书


正题名:电磁流体动力学方程与奇异摄动理论     索取号:O361.1/16         预约/预借

序号 登录号 条形码 馆藏地/架位号 状态 备注
1 1039857   210398577   第二样本阅览室/ [索取号:O361.1/16] 在馆    
2 1039858   210398586   数信系资料室/ [索取号:O361.1/16] 在馆    
3 1039859   210398595   第三借阅区/ [索取号:O361.1/16] 在馆    
4 1039860   210398602   第三借阅区/ [索取号:O361.1/16] 在馆    
唐山师范学院图书馆 欢迎您!
大连网信软件有限公司© 版权所有